[Event "Skopje op-A"]
[Site "Skopje"]
[Date "2024.12.12"]
[Round "2"]
[White "Kurdas, Halil Ibrahim"]
[Black "Vanden Bussche, Steven"]
[Result "0-1"]
[WhiteElo "1907"]
[BlackElo "2049"]
[PlyCount "84"]
[EventDate "2024.12.11"]
[EventType "swiss"]
[EventRounds "9"]
[EventCountry "MKD"]
[SourceTitle "CB52_2024"]
[SourceDate "2024.12.25"]
[SourceVersion "1"]
[SourceVersionDate "2024.12.25"]
[SourceQuality "1"]

1. Nf3 d5 2. c4 c6 3. d4 Nf6 4. Qc2 g6 5. e3 Bg7 6. Nbd2 0-0 7. Bd3 Nbd7 8. 0-0 Re8 9. b3 e5 10. Nxe5 Nxe5 11. dxe5 Ng4 12. Bb2 Nxe5 13. cxd5 Qxd5 14. Be4 Qe6 15. Rad1 Qe7 16. h3 Be6 17. Kh1 Qh4 18. Bxe5 Bxe5 19. f4 Bc7 20. Nf3 Qg3 21. Ng5 Rad8 22. Rf3 Qh4 23. Rdf1 Bg4 24. R3f2 h6 25. Nxf7 Kxf7 26. Bxg6+ Kg7 27. Bxe8 Rxe8 28. e4 Be6 29. Qc3+ Kg8 30. Rf3 Kh7 31. e5 Rg8 32. Qd3+ Kh8 33. f5 Bd5 34. Qc3 Bxf3 35. Rxf3 Qe4 36. Qc1 Kh7 37. e6 Qe5 38. Qg1 Rf8 39. g4 Rd8 40. Re3 Qf4 41. e7 Rd1 42. Re2 Qf3+ 0-1

[Event "EU-ch Blitz"]
[Site "Skopje"]
[Date "2024.12.09"]
[Round "9"]
[White "Bulmaga, Irina"]
[Black "Vanden Bussche, Steven"]
[Result "1-0"]
[WhiteElo "2386"]
[BlackElo "2049"]
[PlyCount "41"]
[EventDate "2024.12.09"]
[EventType "swiss (blitz)"]
[EventRounds "13"]
[EventCountry "MKD"]
[SourceTitle "CB50_2024"]
[SourceDate "2024.11.01"]
[SourceVersion "1"]
[SourceVersionDate "2024.11.01"]
[SourceQuality "2"]

1. e4 c6 2. d4 d5 3. e5 Bf5 4. Nf3 e6 5. Be2 c5 6. Be3 Nd7 7. 0-0 Ne7 8. c4 dxc4 9. Nbd2 Nc6 10. Nxc4 Be7 11. Rc1 0-0 12. dxc5 Nxc5 13. Nd4 Nxd4 14. Bxd4 Nd7 15. Bf3 Bc5 16. Bxb7 Rb8 17. Bc6 Bxd4 18. Qxd4 Nb6 19. Nd6 Nd5 20. Nxf5 Qg5 21. Bxd5 1-0

[Event "Paracin op-A 17th"]
[Site "Paracin"]
[Date "2024.07.06"]
[Round "5"]
[White "Vanden Bussche, Steven"]
[Black "Nikolic, Zoran S"]
[Result "0-1"]
[WhiteElo "2105"]
[BlackElo "2094"]
[PlyCount "24"]
[EventDate "2024.07.03"]
[EventType "swiss"]
[EventRounds "9"]
[EventCountry "SRB"]
[SourceTitle "CBM 221 Extra"]
[Source "ChessBase"]
[SourceDate "2024.09.30"]
[SourceVersion "1"]
[SourceVersionDate "2024.09.30"]
[SourceQuality "1"]

1. d4 d5 2. Bf4 Nf6 3. e3 c5 4. c3 e6 5. Nf3 Be7 6. Nbd2 0-0 7. Bd3 Nc6 8. Ne5 cxd4 9. exd4 Bd6 10. Ndf3 Qc7 11. 0-0 b6 12. Re1 Bb7 0-1

[Event "Paracin op-A 17th"]
[Site "Paracin"]
[Date "2024.07.03"]
[Round "1"]
[White "Vanden Bussche, Steven"]
[Black "Sedlak, Nikola"]
[Result "0-1"]
[WhiteElo "2105"]
[BlackElo "2426"]
[PlyCount "68"]
[EventDate "2024.07.03"]
[EventType "swiss"]
[EventRounds "9"]
[EventCountry "SRB"]
[SourceTitle "CBM 221 Extra"]
[Source "ChessBase"]
[SourceDate "2024.09.30"]
[SourceVersion "1"]
[SourceVersionDate "2024.09.30"]
[SourceQuality "1"]

1. d4 Nf6 2. Bf4 d5 3. e3 c5 4. c3 Nc6 5. Nd2 e6 6. Ngf3 cxd4 7. exd4 Nh5 8. Bg5 f6 9. Be3 Bd6 10. g3 0-0 11. Bd3 f5 12. Ne5 Bxe5 13. Qxh5 Bd6 14. f4 Bd7 15. 0-0 Ne7 16. Bf2 Kh8 17. Nf3 Ng8 18. Ng5 Nf6 19. Qh3 h6 20. Rfe1 Ne4 21. Be3 Nxg5 22. fxg5 f4 23. gxh6 g5 24. gxf4 gxf4 25. Bf2 e5 26. Qh5 Rg8+ 27. Kh1 Bg4 28. Qxg4 Rxg4 29. dxe5 Bc7 30. e6 Bb6 31. e7 Qd7 32. Bxb6 axb6 33. Re5 Rgg8 34. Rae1 Qg4 0-1

[Event "Paracin Prestige op"]
[Site "Paracin"]
[Date "2024.01.16"]
[Round "2"]
[White "Vanden Bussche, Steven"]
[Black "Sredojevic, Ivan"]
[Result "0-1"]
[WhiteElo "2113"]
[BlackElo "2253"]
[PlyCount "54"]
[EventDate "2024.01.15"]
[EventType "swiss"]
[EventRounds "9"]
[EventCountry "SRB"]
[SourceTitle "CBM 218 Extra"]
[Source "ChessBase"]
[SourceDate "2024.03.31"]
[SourceVersion "1"]
[SourceVersionDate "2024.03.31"]
[SourceQuality "1"]

1. d4 Nf6 2. Bf4 c5 3. e3 g6 4. c3 cxd4 5. exd4 Bg7 6. Nd2 0-0 7. Ngf3 d6 8. h3 Nc6 9. Be2 e5 10. dxe5 dxe5 11. Nxe5 Nd5 12. Nxc6 bxc6 13. Bh2 Re8 14. 0-0 Bxc3 15. bxc3 Nxc3 16. Qc2 Nxe2+ 17. Kh1 Bf5 18. Qxc6 Qxd2 19. Be5 Qa5 20. f4 Ng3+ 21. Kh2 Nxf1+ 22. Rxf1 Qb6 23. Qc3 Rac8 24. Qa1 Rc2 25. Bh8 f6 26. Bxf6 Ree2 27. Rg1 Be4 0-1

[Event "Paracin op 16th"]
[Site "Paracin"]
[Date "2023.07.10"]
[Round "4"]
[White "Ristic, Nenad"]
[Black "Vanden Bussche, Steven"]
[Result "1-0"]
[WhiteElo "2248"]
[BlackElo "2082"]
[PlyCount "97"]
[EventDate "2023.07.07"]
[EventType "swiss"]
[EventRounds "9"]
[EventCountry "SRB"]
[SourceTitle "EXT 2024"]
[Source "ChessBase"]
[SourceDate "2023.10.10"]
[SourceVersion "1"]
[SourceVersionDate "2023.10.10"]
[SourceQuality "1"]

1. e4 c6 2. c4 d5 3. exd5 cxd5 4. cxd5 Nf6 5. Nc3 Nxd5 6. Nf3 Nc6 7. Bc4 e6 8. 0-0 Be7 9. d4 0-0 10. Re1 a6 11. a3 Nxc3 12. bxc3 b5 13. Bd3 Bb7 14. h4 h6 15. Bb1 Na5 16. Qc2 f5 17. Rxe6 Nc4 18. Qe2 Bd6 19. Bxh6 Bxf3 20. Qxf3 Qxh4 21. g3 Qh3 22. Bd3 Rad8 23. Rg6 Kh7 24. Bf1 Qxh6 25. Rxh6+ Kxh6 26. Bxc4 bxc4 27. Qc6 f4 28. g4 f3 29. Qxa6 Rf4 30. Kf1 Rxg4 31. Qc6 Rg6 32. Qxf3 Rf6 33. Qe3+ Bf4 34. Qe4 Rdf8 35. Ke2 g6 36. Rh1+ Kg7 37. Rb1 R8f7 38. Rb7 Bc7 39. f3 Kf8 40. Qd5 Re7+ 41. Kd1 Rfe6 42. Qxc4 Re1+ 43. Kc2 R7e2+ 44. Kb3 Rb1+ 45. Ka4 Rxb7 46. Qxe2 Rb6 47. Qc4 Bd8 48. Qc8 Ke8 49. c4 1-0

[Event "EU-ch Amateur U2300"]
[Site "Zagreb"]
[Date "2022.08.20"]
[Round "8"]
[White "Vanden Bussche, Steven"]
[Black "Buchcar, Tomas"]
[Result "1/2-1/2"]
[WhiteElo "2026"]
[BlackElo "2208"]
[PlyCount "112"]
[EventDate "2022.08.14"]
[EventType "swiss"]
[EventRounds "9"]
[EventCountry "CRO"]
[SourceTitle "CBM 210 Extra"]
[Source "ChessBase"]
[SourceDate "2022.11.30"]
[SourceVersion "1"]
[SourceVersionDate "2022.11.30"]
[SourceQuality "1"]

1. d4 d5 2. Bf4 Nf6 3. e3 c5 4. c3 Nc6 5. Nd2 Bf5 6. Qb3 Qb6 7. dxc5 Qxb3 8. axb3 e5 9. Bg3 Bxc5 10. b4 Bd6 11. Ngf3 Nd7 12. b5 Ne7 13. Be2 f6 14. 0-0 Nb6 15. Rfd1 Nec8 16. Nh4 Be6 17. e4 dxe4 18. Nxe4 Be7 19. Nf3 Bb3 20. Re1 Kf7 21. Nfd2 Be6 22. f4 exf4 23. Bxf4 Nd5 24. Bg3 f5 25. c4 Nb4 26. Rf1 Kg6 27. Nc3 Nc2 28. Rac1 Nd4 29. Bd3 Bg5 30. Rcd1 Ne7 31. Nf3 Nxf3+ 32. Rxf3 Rad8 33. Re1 Bc8 34. Bb8 a6 35. g4 Rhf8 36. Ba7 Kf7 37. Bc5 Rfe8 38. Bxe7 Rxe7 39. Rxe7+ Bxe7 40. Bxf5 Bxf5 41. Rxf5+ Ke6 42. bxa6 bxa6 43. Ra5 Rd4 44. Rxa6+ Kf7 45. Rc6 Rxg4+ 46. Kf2 Bf6 47. Kf3 Rh4 48. Kg3 Rd4 49. Rc5 Rd3+ 50. Kf4 Rh3 51. Nd1 Rxh2 52. b4 Be7 53. Rc7 Ke8 54. Rb7 Rh4+ 55. Kf5 Rxc4 56. Ne3 Rxb4 1/2-1/2

[Event "Cappelle rapid op 2nd"]
[Site "Cappelle la Grande"]
[Date "2020.02.29"]
[Round "1"]
[White "Gharamian, Tigran"]
[Black "Vanden Bussche, Steven"]
[Result "1-0"]
[WhiteElo "2603"]
[BlackElo "2036"]
[PlyCount "63"]
[EventDate "2020.02.29"]
[EventType "swiss (rapid)"]
[EventRounds "9"]
[EventCountry "FRA"]
[SourceTitle "CBM 195 Extra"]
[Source "ChessBase"]
[SourceDate "2020.05.31"]
[SourceVersion "1"]
[SourceVersionDate "2020.05.31"]
[SourceQuality "1"]

1. e4 c6 2. Nf3 d5 3. d3 dxe4 4. dxe4 Qxd1+ 5. Kxd1 Bg4 6. Be2 Nf6 7. Nbd2 e6 8. Ne1 Bxe2+ 9. Kxe2 Nbd7 10. f3 0-0-0 11. Nd3 Bd6 12. Nc4 Bc7 13. a4 Ne8 14. Be3 Nb6 15. Nce5 Rf8 16. a5 Nd7 17. Nxd7 Rxd7 18. Bxa7 Nd6 19. Bc5 f6 20. Rhd1 Rfd8 21. h3 Nc4 22. Bb4 e5 23. b3 Nd6 24. Nc5 Re7 25. c4 Rde8 26. Na4 Rd8 27. Rd2 Ree8 28. Nb6+ Kb8 29. Rad1 Nf7 30. Rd7 Bxb6 31. axb6 Ng5 32. Rxd8+ 1-0

[Event "Skopje op"]
[Site "Skopje"]
[Date "2019.12.12"]
[Round "9"]
[White "Vanden Bussche, Steven"]
[Black "Zlatanovic, Boroljub"]
[Result "0-1"]
[WhiteElo "2074"]
[BlackElo "2365"]
[PlyCount "110"]
[EventDate "2019.12.06"]
[EventType "swiss"]
[EventRounds "9"]
[EventCountry "MKD"]
[SourceTitle "CBM 193 Extra"]
[Source "ChessBase"]
[SourceDate "2020.01.31"]
[SourceVersion "1"]
[SourceVersionDate "2020.01.31"]
[SourceQuality "1"]

1. d4 g6 2. Bf4 Bg7 3. e3 d6 4. Nf3 Nd7 5. h3 e5 6. Bh2 Nh6 7. Be2 0-0 8. 0-0 Nf5 9. c3 Qe7 10. a4 a6 11. Na3 Re8 12. Re1 b6 13. Qb3 Bb7 14. Rad1 Kh8 15. Nc2 Nh4 16. Nxh4 Qxh4 17. Bg3 Qe7 18. Bc4 f5 19. Bd5 Bxd5 20. Qxd5 Nf6 21. Qc6 Qd7 22. Qxd7 Nxd7 23. f3 e4 24. Kf2 Kg8 25. Ra1 Kf7 26. Ke2 Bh6 27. Kd2 Nf6 28. f4 g5 29. fxg5 Bxg5 30. Rf1 Ke6 31. d5+ Nxd5 32. Nd4+ Kd7 33. Nxf5 Rg8 34. Bf2 Raf8 35. g4 h5 36. Rg1 hxg4 37. hxg4 Ne7 38. Ke2 Nxf5 39. gxf5 Rxf5 40. Rg2 Rh8 41. Rag1 Bf6 42. Be1 Rfh5 43. b3 Rh2 44. c4 Ke6 45. Bg3 Rxg2+ 46. Rxg2 Rg8 47. Kf2 Be5 48. Bh4 Rxg2+ 49. Kxg2 d5 50. cxd5+ Kxd5 51. Be1 c5 52. Kf2 c4 53. bxc4+ Kxc4 54. Ke2 Kb3 55. a5 b5 0-1

[Event "Skopje op"]
[Site "Skopje"]
[Date "2019.12.08"]
[Round "4"]
[White "Toncheva, Nadya"]
[Black "Vanden Bussche, Steven"]
[Result "1/2-1/2"]
[WhiteElo "1939"]
[BlackElo "2074"]
[PlyCount "47"]
[EventDate "2019.12.06"]
[EventType "swiss"]
[EventRounds "9"]
[EventCountry "MKD"]
[SourceTitle "CBM 193 Extra"]
[Source "ChessBase"]
[SourceDate "2020.01.31"]
[SourceVersion "1"]
[SourceVersionDate "2020.01.31"]
[SourceQuality "1"]

1. d4 d5 2. c4 c6 3. Nc3 Nf6 4. e3 e6 5. Nf3 Nbd7 6. Bd3 dxc4 7. Bxc4 b5 8. Bd3 Bb7 9. 0-0 a6 10. a4 Bd6 11. Qe2 0-0 12. axb5 cxb5 13. e4 e5 14. Rd1 exd4 15. Nxd4 Re8 16. Nf5 Bb8 17. Bc2 Qb6 18. Be3 Qe6 19. f3 Ne5 20. Nd4 Qc4 21. Bb3 Qxe2 22. Ncxe2 Ba7 23. Nf5 g6 24. Nfd4 1/2-1/2

[Event "Charleroi op"]
[Site "Roux"]
[Date "2019.07.28"]
[Round "2"]
[White "Van Haelst, Raymond"]
[Black "Vanden Bussche, Steven"]
[Result "1-0"]
[WhiteElo "1947"]
[BlackElo "2061"]
[PlyCount "56"]
[EventDate "2019.07.27"]
[EventType "swiss"]
[EventRounds "9"]
[EventCountry "BEL"]
[SourceTitle "CBM 191 Extra"]
[Source "ChessBase"]
[SourceDate "2019.09.30"]
[SourceVersion "1"]
[SourceVersionDate "2019.09.30"]
[SourceQuality "1"]

1. d4 d5 2. Nf3 Nf6 3. c4 c6 4. cxd5 cxd5 5. Nc3 Nc6 6. Bf4 e6 7. Ne5 Qb6 8. Nxc6 bxc6 9. Rb1 Ba6 10. a3 Be7 11. Na4 Qb7 12. Qc2 Nd7 13. f3 0-0 14. b4 f6 15. e3 Bxf1 16. Rxf1 e5 17. Bg3 Qa6 18. Kf2 Rac8 19. Qb3 exd4 20. exd4 f5 21. Kg1 Bf6 22. Rbd1 Nb6 23. Nb2 Rfe8 24. a4 Kh8 25. Qd3 Qxd3 26. Rxd3 Re2 27. Rf2 Rce8 28. Kf1 R2e6 1-0

[Event "Barbera del Valles op 41st"]
[Site "Barbera del Valles"]
[Date "2018.07.12"]
[Round "9"]
[White "Vanden Bussche, Steven"]
[Black "Frayna, Janelle Mae"]
[Result "1/2-1/2"]
[WhiteElo "2001"]
[BlackElo "2315"]
[PlyCount "111"]
[EventDate "2018.07.04"]
[EventType "swiss"]
[EventRounds "9"]
[EventCountry "ESP"]
[SourceTitle "CBM 185 Extra"]
[Source "ChessBase"]
[SourceDate "2018.07.29"]
[SourceVersion "1"]
[SourceVersionDate "2018.07.29"]
[SourceQuality "1"]

1. d4 d5 2. Bf4 Nf6 3. e3 g6 4. Nf3 Bg7 5. h3 0-0 6. Be2 c5 7. 0-0 Nc6 8. c3 Nd7 9. Nbd2 e5 10. dxe5 Ndxe5 11. Nxe5 Nxe5 12. Nf3 Nc6 13. Qd2 h6 14. Rfd1 Be6 15. Ne1 g5 16. Bg3 Qe7 17. Rac1 Rad8 18. Nc2 f5 19. f4 Qf7 20. Bf2 Bf6 21. Qe1 Kh8 22. e4 fxe4 23. Bxc5 gxf4 24. Bxf8 Rxf8 25. Bg4 Bxg4 26. hxg4 Ne5 27. Nb4 Nxg4 28. Rxd5 Ne3 29. Rd2 Be7 30. Nc2 Bc5 31. Rd4 Nxc2 32. Rxc2 Bxd4+ 33. cxd4 f3 34. Rf2 Qg6 35. Qc3 Qg5 36. d5+ Kh7 37. Qc7+ Kg8 38. Qc4 e3 39. d6+ Kg7 40. Qd4+ Kg8 41. Qc4+ Kg7 42. Qd4+ Qf6 43. Qxe3 Qxd6 44. Qxa7 Qd1+ 45. Kh2 Qd5 46. Qe3 Qxa2 47. Qd4+ Rf6 48. Rxf3 Qe6 49. Re3 Qf7 50. Rg3+ Kh7 51. Qe4+ Kh8 52. Qe5 b6 53. Rc3 Qe6 54. Rc8+ Kg7 55. Rc7+ Kf8 56. Rc8+ 1/2-1/2

[Event "Barbera del Valles op 41st"]
[Site "Barbera del Valles"]
[Date "2018.07.09"]
[Round "6"]
[White "Vanden Bussche, Steven"]
[Black "Samant, Aditya S"]
[Result "0-1"]
[WhiteElo "2001"]
[BlackElo "2191"]
[PlyCount "130"]
[EventDate "2018.07.04"]
[EventType "swiss"]
[EventRounds "9"]
[EventCountry "ESP"]
[SourceTitle "CBM 185 Extra"]
[Source "ChessBase"]
[SourceDate "2018.07.29"]
[SourceVersion "1"]
[SourceVersionDate "2018.07.29"]
[SourceQuality "1"]

1. c4 e5 2. g3 Nf6 3. Bg2 d5 4. cxd5 Nxd5 5. Nc3 Nb6 6. Nf3 Nc6 7. 0-0 Be7 8. d3 0-0 9. Be3 Be6 10. a4 Nd5 11. Nxd5 Bxd5 12. Rc1 Kh8 13. Bc5 f6 14. Qd2 a5 15. Rc3 Rc8 16. Nh4 Bxc5 17. Rxc5 Bxg2 18. Nxg2 Nd4 19. Rc3 Qd7 20. b3 Qe6 21. Qb2 c5 22. Rfc1 b6 23. Ne1 f5 24. e3 Nc6 25. Ng2 Rcd8 26. Qe2 Qd5 27. f4 Rfe8 28. Kf2 Nb4 29. Ne1 exf4 30. gxf4 Re6 31. Rd1 Rde8 32. Ng2 Rh6 33. h4 Qf7 34. d4 Nd5 35. Rcd3 Rg6 36. Qf3 cxd4 37. Rxd4 Nc3 38. R1d3 Ne4+ 39. Kf1 Nc5 40. Rd1 Qxb3 41. h5 Rge6 42. Qh3 Nxa4 43. Qxf5 Nc3 44. R1d3 Qb1+ 45. Ne1 Qb5 46. Qxb5 Nxb5 47. Rd5 Nc7 48. Rd7 Na6 49. Ra7 Nc5 50. Ra3 Kg8 51. Ke2 Rh6 52. Nf3 Rxh5 53. Ne5 Rh2+ 54. Kf3 Rd2 55. Ra1 Nd3 56. Nc4 Rf2+ 57. Kg3 Rc2 58. Nd6 Rxe3+ 59. Kg4 Nf2+ 60. Kg5 h6+ 61. Kg6 Re6+ 62. Kf5 Rxd6 63. Ke5 Rcd2 64. f5 R2d5+ 65. Kf4 Rf6 0-1

[Event "Barbera del Valles op 41st"]
[Site "Barbera del Valles"]
[Date "2018.07.06"]
[Round "3"]
[White "Vanden Bussche, Steven"]
[Black "Diaz Rubi, Felipe"]
[Result "1-0"]
[WhiteElo "2001"]
[BlackElo "1851"]
[PlyCount "31"]
[EventDate "2018.07.04"]
[EventType "swiss"]
[EventRounds "9"]
[EventCountry "ESP"]
[SourceTitle "CBM 185 Extra"]
[Source "ChessBase"]
[SourceDate "2018.07.29"]
[SourceVersion "1"]
[SourceVersionDate "2018.07.29"]
[SourceQuality "1"]

1. c4 Nf6 2. g3 e6 3. Bg2 d5 4. Nf3 Be7 5. 0-0 0-0 6. b3 Nbd7 7. Bb2 Rb8 8. Nc3 c6 9. d4 Qc7 10. Rc1 Re8 11. Nd2 Qa5 12. a4 Bb4 13. e4 dxe4 14. Ndxe4 Qf5 15. c5 Nd5 16. Nd6 1-0